[Event "OP-2018-0-04645"]
[Site "LSS email"]
[Date "2018.09.16"]
[Round "?"]
[White "Brus, Hartmut"]
[Black "Shim Ng Min, Francis"]
[Result "1/2-1/2"]
[WhiteElo "1825"]
[BlackElo "1233"]
[PlyCount "70"]
[EventDate "2018.08.29"]
[EventType "tourn (corr)"]
[EventRounds "4"]
[EventCountry "GER"]
[SourceTitle "Corr 2022"]
[Source "ChessBase"]
[SourceDate "2021.10.24"]
[SourceVersion "1"]
[SourceVersionDate "2021.10.24"]
[SourceQuality "1"]

1. d4 Nf6 2. Nf3 d5 3. Nc3 e6 4. Bf4 c6 5. Qd2 Be7 6. h4 Nbd7 7. 0-0-0 b5 8. Ne5 Bb7 9. Nxd7 Qxd7 10. f3 c5 11. e4 c4 12. e5 b4 13. exf6 bxc3 14. Qxc3 Bxf6 15. h5 0-0 16. h6 g6 17. g4 a5 18. g5 Be7 19. Be2 Rfc8 20. a3 a4 21. Bd2 Ba6 22. f4 Rab8 23. Kb1 Rb5 24. Ka1 Rcb8 25. Rb1 Qd6 26. Rhg1 Bd8 27. Qg3 Ba5 28. Bxa5 Rxa5 29. Qe3 Rab5 30. Qe5 Qxe5 31. fxe5 R5b6 32. Ka2 Kf8 33. Rg2 Bc8 34. c3 Bd7 35. Bg4 Be8 1/2-1/2

[Event "OP-2012-0-02055"]
[Site "LSS email"]
[Date "2012.02.08"]
[Round "?"]
[White "Gonzalez Casariego, Domingo"]
[Black "Brus, Hartmut"]
[Result "0-1"]
[WhiteElo "1087"]
[BlackElo "1580"]
[PlyCount "62"]
[EventDate "2012.02.05"]
[EventType "tourn (corr)"]
[EventRounds "4"]
[EventCountry "GER"]
[SourceTitle "Telechess CBM 153"]
[Source "ChessBase"]
[SourceDate "2013.03.14"]
[SourceVersion "1"]
[SourceVersionDate "2013.03.14"]
[SourceQuality "1"]

1. e4 c5 2. Nf3 Nc6 3. d4 cxd4 4. Nxd4 e5 5. Nb5 d6 6. c4 Be7 7. N1c3 a6 8. Na3 f5 9. exf5 Bxf5 10. Nc2 Nf6 11. Bd3 Be6 12. 0-0 Rc8 13. Nd5 0-0 14. Be3 e4 15. Be2 Bxd5 16. cxd5 Ne5 17. Nd4 Qa5 18. Ne6 Rf7 19. Nf4 g5 20. b4 Qxb4 21. Ne6 h6 22. Bh5 Rh7 23. Bd4 Bd8 24. f4 exf3 25. Rb1 Qa3 26. Bxf3 Rd7 27. Be4 Be7 28. Rb3 Qa5 29. Qb1 Qd2 30. Bg6 Kh8 31. Rh3 g4 0-1

[Event "OP-2011-0-01638"]
[Site "LSS email"]
[Date "2011.07.04"]
[Round "?"]
[White "Brus, Hartmut"]
[Black "O'Brien, Glenn"]
[Result "1-0"]
[WhiteElo "1565"]
[BlackElo "1239"]
[PlyCount "93"]
[EventDate "2011.07.01"]
[EventType "tourn (corr)"]
[EventRounds "4"]
[EventCountry "GER"]
[SourceTitle "Telechess CBM 151"]
[Source "ChessBase"]
[SourceDate "2012.11.13"]
[SourceVersion "1"]
[SourceVersionDate "2012.11.13"]
[SourceQuality "1"]

1. e4 e5 2. Nf3 Nc6 3. Bb5 a6 4. Bxc6 dxc6 5. 0-0 Bg4 6. h3 h5 7. d3 Qf6 8. Nbd2 Ne7 9. b4 Bxf3 10. Nxf3 Ng6 11. c3 Be7 12. Rb1 0-0 13. d4 Qe6 14. Qe2 f6 15. a4 Rac8 16. b5 axb5 17. axb5 Ra8 18. bxc6 bxc6 19. dxe5 fxe5 20. Rb7 Ra2 21. Qd3 Rd8 22. Qb1 Rd7 23. Be3 Qc4 24. Rd1 Rxd1+ 25. Qxd1 Bd6 26. Nd2 Qxc3 27. Qxh5 Nf8 28. Nf3 Ra8 29. Ng5 Qa1+ 30. Kh2 Qa2 31. Qg4 g6 32. Qf3 c5 33. Qf6 Qc4 34. Rb1 Qa2 35. Rc1 Ra5 36. Ra1 Qxa1 37. Ne6 Nxe6 38. Qxe6+ Kg7 39. Qd7+ Kf6 40. h4 Qg1+ 41. Kxg1 Ra1+ 42. Kh2 g5 43. Bxg5+ Kg6 44. h5+ Kxh5 45. Qf5 Rg1 46. Bd2+ Kh4 47. Qg5# 1-0

[Event "OP-2011-0-01512"]
[Site "LSS email"]
[Date "2011.05.07"]
[Round "?"]
[White "Brus, Hartmut"]
[Black "Vontina, Maria"]
[Result "1-0"]
[WhiteElo "1481"]
[BlackElo "738"]
[PlyCount "45"]
[EventDate "2011.05.03"]
[EventType "tourn (corr)"]
[EventRounds "4"]
[EventCountry "GER"]
[SourceTitle "Telechess CBM 151"]
[Source "ChessBase"]
[SourceDate "2012.11.13"]
[SourceVersion "1"]
[SourceVersionDate "2012.11.13"]
[SourceQuality "1"]

1. e4 e6 2. d4 d5 3. Nc3 Bb4 4. e5 c5 5. a3 Bxc3+ 6. bxc3 Nc6 7. Nf3 Qb6 8. Be2 Nge7 9. 0-0 0-0 10. Qd3 cxd4 11. cxd4 Ng6 12. c4 dxc4 13. Qxc4 Nf4 14. Bxf4 a6 15. Rab1 Qd8 16. Qc5 Rb8 17. Bg5 Qc7 18. Bd3 Qd7 19. Bxh7+ Kxh7 20. Qxf8 b5 21. Bf6 Kg6 22. Qxg7+ Kf5 23. Rfe1 1-0

[Event "ZI-2011-0-00946"]
[Site "LSS email"]
[Date "2011.03.30"]
[Round "?"]
[White "Brus, Hartmut"]
[Black "Janousek, Petr"]
[Result "1-0"]
[WhiteElo "1478"]
[BlackElo "1453"]
[PlyCount "61"]
[EventDate "2011.03.27"]
[EventType "match (corr)"]
[EventRounds "2"]
[EventCountry "GER"]
[SourceTitle "Telechess CBM 147"]
[Source "ChessBase"]
[SourceDate "2012.03.16"]
[SourceVersion "1"]
[SourceVersionDate "2012.03.16"]
[SourceQuality "1"]

1. e4 c5 2. Nf3 d6 3. d4 Nf6 4. Bb5+ Nbd7 5. Nc3 cxd4 6. Qxd4 e5 7. Qd3 h6 8. Be3 Be7 9. Bc4 0-0 10. 0-0 Nb6 11. Bb3 Be6 12. Nh4 Qd7 13. Bxe6 fxe6 14. Ng6 Rfd8 15. f4 Qe8 16. Nxe7+ Qxe7 17. fxe5 dxe5 18. Qb5 Nbd7 19. h3 b6 20. Rad1 Nc5 21. Qb4 Rxd1 22. Rxd1 Rc8 23. Bxc5 Rxc5 24. Na4 Rc7 25. Qxe7 Rxe7 26. Nc3 Kf7 27. Kf2 Rb7 28. Rd8 b5 29. Kf3 Ke7 30. Rc8 Kd7 31. Ra8 1-0

[Event "OP-2011-0-01417"]
[Site "LSS email"]
[Date "2011.02.23"]
[Round "?"]
[White "Brus, Hartmut"]
[Black "Bester, Kazimierz"]
[Result "1-0"]
[WhiteElo "1478"]
[BlackElo "620"]
[PlyCount "45"]
[EventDate "2011.02.19"]
[EventType "tourn (corr)"]
[EventRounds "4"]
[EventCountry "GER"]
[SourceTitle "Telechess CBM 147"]
[Source "ChessBase"]
[SourceDate "2012.03.16"]
[SourceVersion "1"]
[SourceVersionDate "2012.03.16"]
[SourceQuality "1"]

1. d4 Nf6 2. Nf3 e6 3. Bg5 Be7 4. Nbd2 0-0 5. e3 Nc6 6. Bd3 d5 7. 0-0 Ne8 8. Bxe7 Nxe7 9. c4 dxc4 10. Nxc4 Nd5 11. Rc1 Nd6 12. Qc2 g6 13. a3 Nxc4 14. Bxc4 c6 15. Qd2 a5 16. e4 Nb6 17. Bb3 a4 18. Ba2 Nd7 19. Qh6 Nf6 20. e5 Ne4 21. Bb1 Qd5 22. Bxe4 Qxe4 23. Ng5 1-0

[Event "LSS SD-2010-0-00072"]
[Site "LSS email"]
[Date "2010.10.29"]
[Round "?"]
[White "Brus, Hartmut"]
[Black "Sensabaugh, Gene"]
[Result "0-1"]
[WhiteElo "1478"]
[BlackElo "1601"]
[PlyCount "100"]
[EventDate "2010.09.06"]
[EventType "tourn (corr)"]
[EventRounds "6"]
[EventCountry "GER"]
[SourceTitle "Telechess CBM 147"]
[Source "ChessBase"]
[SourceDate "2012.03.16"]
[SourceVersion "1"]
[SourceVersionDate "2012.03.16"]
[SourceQuality "1"]

1. d4 Nf6 2. c4 g6 3. Nf3 Bg7 4. Nc3 0-0 5. e4 d6 6. Be2 e5 7. d5 a5 8. Bg5 Na6 9. Nd2 b6 10. 0-0 h6 11. Be3 Bd7 12. a3 Kh8 13. Qc2 Ng4 14. Bxg4 Bxg4 15. f4 exf4 16. Rxf4 Bd7 17. Raf1 Kg8 18. Ne2 Qe7 19. Bd4 a4 20. Qc3 Bxd4+ 21. Nxd4 Nc5 22. R4f2 f6 23. Re2 Rae8 24. h3 Qg7 25. Rfe1 Rf7 26. Kh2 Rfe7 27. Re3 h5 28. Nf5 Bxf5 29. exf5 gxf5 30. Rg3 Rxe1 31. Qxf6 Rh1+ 32. Kxh1 Qxg3 33. Nf1 Re1 34. Qxf5 Qe5 35. Qg6+ Qg7 36. Qxg7+ Kxg7 37. Kg1 Nd3 38. g3 Ra1 39. c5 dxc5 40. Kg2 Nxb2 41. Kf2 Rxa3 42. Ke2 Rd3 43. Ne3 Rxe3+ 44. Kxe3 a3 45. g4 a2 46. gxh5 a1Q 47. h6+ Kxh6 48. d6 Qe1+ 49. Kf3 cxd6 50. h4 Nd3 0-1

[Event "LSS SD-2010-0-00072"]
[Site "LSS email"]
[Date "2010.10.29"]
[Round "?"]
[White "Metz, Larry R"]
[Black "Brus, Hartmut"]
[Result "0-1"]
[WhiteElo "1437"]
[BlackElo "1402"]
[PlyCount "50"]
[EventDate "2010.09.06"]
[EventType "tourn (corr)"]
[EventRounds "6"]
[EventCountry "GER"]
[SourceTitle "Telechess CBM 143"]
[Source "ChessBase"]
[SourceDate "2011.07.15"]
[SourceVersion "1"]
[SourceVersionDate "2011.07.15"]
[SourceQuality "1"]

1. d4 Nf6 2. Nc3 d5 3. e3 Nc6 4. Nf3 Bg4 5. h3 Bxf3 6. Qxf3 e5 7. dxe5 Nxe5 8. Qf5 Bd6 9. Bd2 c6 10. 0-0-0 0-0 11. f4 Ned7 12. g4 Re8 13. Bg2 Nc5 14. g5 Nfe4 15. Nxe4 Nxe4 16. Bxe4 Rxe4 17. h4 Bc5 18. Rh3 Qe7 19. h5 Bxe3 20. Bxe3 Rxe3 21. Rxe3 Qxe3+ 22. Rd2 g6 23. hxg6 fxg6 24. Qe5 Qxe5 25. fxe5 Re8 0-1

[Event "OP-2010-0-01231"]
[Site "LSS email"]
[Date "2010.08.11"]
[Round "?"]
[White "Lauer, Fredric"]
[Black "Brus, Hartmut"]
[Result "0-1"]
[WhiteElo "989"]
[BlackElo "1382"]
[PlyCount "60"]
[EventDate "2010.08.07"]
[EventType "tourn (corr)"]
[EventRounds "4"]
[EventCountry "GER"]
[SourceTitle "Telechess CBM 143"]
[Source "ChessBase"]
[SourceDate "2011.07.15"]
[SourceVersion "1"]
[SourceVersionDate "2011.07.15"]
[SourceQuality "1"]

1. e4 e5 2. Nf3 Nc6 3. Bb5 a6 4. Bxc6 dxc6 5. 0-0 f6 6. d4 Bg4 7. dxe5 Qxd1 8. Rxd1 fxe5 9. Rd3 Bxf3 10. Rxf3 Nf6 11. Nc3 Bb4 12. Bg5 Bxc3 13. Rxc3 Nxe4 14. Re3 Nxg5 15. Rxe5+ Kf7 16. Rxg5 Rhd8 17. Rc1 Rd2 18. Kf1 Re8 19. Rf5+ Kg6 20. Rf3 Ree2 21. Rg3+ Kf7 22. Rf3+ Ke7 23. Re3+ Rxe3 24. fxe3 Ke6 25. a3 c5 26. b4 c4 27. h3 c3 28. a4 Ke5 29. Kg1 Ke4 30. Kh2 Kxe3 0-1

[Event "OP-2010-0-01204"]
[Site "LSS email"]
[Date "2010.07.23"]
[Round "?"]
[White "Brus, Hartmut"]
[Black "Broniek, Mariusz Maciej"]
[Result "0-1"]
[WhiteElo "1381"]
[BlackElo "2353"]
[PlyCount "158"]
[EventDate "2010.07.06"]
[EventType "tourn (corr)"]
[EventRounds "4"]
[EventCountry "GER"]
[SourceTitle "Telechess CBM 143"]
[Source "ChessBase"]
[SourceDate "2011.07.15"]
[SourceVersion "1"]
[SourceVersionDate "2011.07.15"]
[SourceQuality "1"]

1. d4 d5 2. Bf4 Nf6 3. e3 c5 4. dxc5 Nc6 5. Nf3 e6 6. Bd3 Bxc5 7. a3 0-0 8. 0-0 Re8 9. Bb5 a6 10. Bxc6 bxc6 11. c4 Nd7 12. b4 Bf8 13. cxd5 cxd5 14. Nc3 a5 15. Qb3 Bb7 16. Bg3 axb4 17. axb4 Qb6 18. Rxa8 Rxa8 19. Rb1 Rc8 20. Na4 Qa6 21. Ne1 Qb5 22. Nc3 Qc4 23. Na4 f6 24. f3 Qxb3 25. Rxb3 e5 26. Nd3 Ra8 27. Ndb2 Kf7 28. Kf2 Bd6 29. Ke2 Rc8 30. b5 Rc2+ 31. Kf1 Rc1+ 32. Ke2 Rg1 33. Kf2 Ra1 34. Rc3 h5 35. h4 Nf8 36. Rd3 Ne6 37. Ke2 Ba3 38. Rb3 d4 39. e4 Be7 40. Kf2 Bc8 41. Ke2 Bd7 42. Kd2 Rb1 43. Nb6 Be8 44. N6a4 Nc7 45. b6 Na6 46. Kc2 Rg1 47. f4 Rxg2+ 48. Kd1 Rg1+ 49. Kd2 Bb4+ 50. Rxb4 Nxb4 51. b7 Na6 52. Nc5 Rg2+ 53. Kc1 Nb8 54. Be1 exf4 55. Nbd3 f3 56. e5 Bb5 57. e6+ Ke7 58. Bf2 g5 59. Bxd4 Bxd3 60. Nxd3 gxh4 61. Ba7 Na6 62. Kd1 h3 63. Bc5+ Ke8 64. Bd6 h2 65. Bxh2 Rxh2 66. Ke1 h4 67. Nc5 Nb8 68. Nd7 Re2+ 69. Kf1 h3 70. Nxf6+ Ke7 71. Nh5 Rg2 72. Ng3 h2 73. Nh1 Rg1+ 74. Kf2 Rxh1 75. Kxf3 Re1 76. Kg2 h1Q+ 77. Kg3 Rf1 78. Kg4 Qg2+ 79. Kh5 Rh1# 0-1

[Event "OP-2010-0-01204"]
[Site "LSS email"]
[Date "2010.07.18"]
[Round "?"]
[White "Tjiptadi, Kudus"]
[Black "Brus, Hartmut"]
[Result "0-1"]
[WhiteElo "1050"]
[BlackElo "1442"]
[PlyCount "48"]
[EventDate "2010.07.06"]
[EventType "tourn (corr)"]
[EventRounds "4"]
[EventCountry "GER"]
[SourceTitle "Telechess CBM 147"]
[Source "ChessBase"]
[SourceDate "2012.03.16"]
[SourceVersion "1"]
[SourceVersionDate "2012.03.16"]
[SourceQuality "1"]

1. e4 e5 2. Nf3 Nc6 3. Bc4 Bc5 4. c3 Nf6 5. d3 a6 6. 0-0 d6 7. h3 Ba7 8. Be3 0-0 9. Nbd2 Bxe3 10. fxe3 b5 11. Bb3 Na5 12. d4 c5 13. dxe5 dxe5 14. Nxe5 Nxb3 15. axb3 Bb7 16. Qc2 Re8 17. Nef3 Nxe4 18. Rad1 Ng3 19. Rfe1 Qf6 20. Kh2 Nf5 21. e4 Ne3 22. Rxe3 Qf4+ 23. Kh1 Qxe3 24. Re1 Qf4 0-1

[Event "OP-2010-0-01204"]
[Site "LSS email"]
[Date "2010.07.12"]
[Round "?"]
[White "Brus, Hartmut"]
[Black "Henke, Simon"]
[Result "1-0"]
[WhiteElo "1326"]
[BlackElo "1498"]
[PlyCount "51"]
[EventDate "2010.07.06"]
[EventType "tourn (corr)"]
[EventRounds "4"]
[EventCountry "GER"]
[SourceTitle "Telechess CBM 143"]
[Source "ChessBase"]
[SourceDate "2011.07.15"]
[SourceVersion "1"]
[SourceVersionDate "2011.07.15"]
[SourceQuality "1"]

1. e4 e6 2. d4 d5 3. Nd2 dxe4 4. Nxe4 Nd7 5. Nf3 Ngf6 6. Bd3 Nxe4 7. Bxe4 c6 8. c3 Nf6 9. Bc2 Bd6 10. 0-0 h6 11. Ne5 0-0 12. Re1 Qc7 13. Qf3 Nd5 14. Qd3 f5 15. Bb3 a5 16. Qg3 Kh7 17. a4 b6 18. Qg6+ Kh8 19. Bd2 Bd7 20. Nxd7 Qxd7 21. Rxe6 Rf6 22. Rxf6 Nxf6 23. Bxh6 Bxh2+ 24. Kxh2 Ng4+ 25. Kg3 gxh6 26. Be6 1-0

[Event "LSS SF-2010-0-00055"]
[Site "LSS email"]
[Date "2010.05.15"]
[Round "?"]
[White "Brus, Hartmut"]
[Black "Laureles, Raymundo"]
[Result "1-0"]
[WhiteElo "1442"]
[BlackElo "1235"]
[PlyCount "65"]
[EventDate "2010.04.05"]
[EventType "tourn (corr)"]
[EventRounds "6"]
[EventCountry "GER"]
[SourceTitle "Telechess CBM 147"]
[Source "ChessBase"]
[SourceDate "2012.03.16"]
[SourceVersion "1"]
[SourceVersionDate "2012.03.16"]
[SourceQuality "1"]

1. e4 c6 2. d4 d5 3. e5 Bf5 4. Be3 e6 5. Nd2 Nd7 6. Ngf3 Qc7 7. Nh4 Bg6 8. c4 f6 9. cxd5 exd5 10. e6 Nb6 11. Qg4 f5 12. Qh3 Nh6 13. Bd3 Nc4 14. Bxh6 gxh6 15. Nxc4 dxc4 16. Bxf5 Bb4+ 17. Kf1 Qg7 18. Qg4 Rg8 19. Bxg6+ hxg6 20. Nf3 h5 21. Qe4 0-0-0 22. Rc1 Rge8 23. Rxc4 Bd6 24. d5 Qxb2 25. g3 c5 26. Kg2 a6 27. Ng5 Rf8 28. Nf7 Kc7 29. Rb1 Qxa2 30. Ra4 Qd2 31. Qc4 Rde8 32. Rxb7+ Kxb7 33. Qxa6+ 1-0

[Event "LSS SF-2010-0-00055"]
[Site "LSS email"]
[Date "2010.05.14"]
[Round "?"]
[White "Khramkov, Alexey Gennadievic"]
[Black "Brus, Hartmut"]
[Result "0-1"]
[WhiteElo "1014"]
[BlackElo "1442"]
[PlyCount "66"]
[EventDate "2010.04.05"]
[EventType "tourn (corr)"]
[EventRounds "6"]
[EventCountry "GER"]
[SourceTitle "Corr 2013"]
[Source "ChessBase"]
[SourceDate "2012.11.12"]
[SourceVersion "1"]
[SourceVersionDate "2012.11.12"]
[SourceQuality "1"]
[WhiteTeam "US of America"]
[BlackTeam "US of America"]
[WhiteTeamCountry "USA"]
[BlackTeamCountry "USA"]

1. d4 Nf6 2. c4 e6 3. Nf3 d5 4. Nc3 Bb4 5. Bg5 Nbd7 6. e3 c5 7. a3 Bxc3+ 8. bxc3 Qa5 9. Qb3 Ne4 10. Rc1 Nxg5 11. Nxg5 dxc4 12. Bxc4 cxd4 13. Nxf7 Kxf7 14. Bxe6+ Kf8 15. Bxd7 Bxd7 16. Qxb7 Rd8 17. exd4 Re8+ 18. Kf1 Bb5+ 19. Kg1 Qxc3 20. Qf3+ Qxf3 21. gxf3 Re6 22. Kg2 Rg6+ 23. Kh3 Ke7 24. Rhg1 Bd7+ 25. Kh4 Rh6+ 26. Kg3 Rf8 27. f4 Rh3+ 28. Kg2 Rxf4 29. Rge1+ Kd6 30. Re3 Rhh4 31. Rcc3 Bc6+ 32. Kg1 Rxd4 33. Rcd3 Rhg4+ 0-1

[Event "LSS SF-2010-0-00054"]
[Site "LSS email"]
[Date "2010.05.13"]
[Round "?"]
[White "Brus, Hartmut"]
[Black "Lauer, Fredric"]
[Result "1-0"]
[WhiteElo "1155"]
[BlackElo "1159"]
[PlyCount "40"]
[EventDate "2010.03.27"]
[EventType "tourn (corr)"]
[EventRounds "6"]
[EventCountry "GER"]
[SourceTitle "Telechess CBM 141"]
[Source "ChessBase"]
[SourceDate "2011.03.17"]
[SourceVersion "1"]
[SourceVersionDate "2011.03.17"]
[SourceQuality "1"]

1. d4 Nc6 2. d5 Ne5 3. e4 e6 4. Nc3 exd5 5. Qxd5 d6 6. Qb3 g6 7. Nf3 Nxf3+ 8. gxf3 Bg7 9. Bc4 Qe7 10. Nd5 Qd7 11. Bg5 h6 12. Bd2 Nf6 13. Bc3 Nxd5 14. Bxg7 Rh7 15. Bxd5 Rxg7 16. Bxb7 Bxb7 17. Qxb7 Rd8 18. Qxa7 Qb5 19. 0-0-0 Rb8 20. b3 Qe5 1-0

[Event "ZL-2010-0-00710"]
[Site "LSS email"]
[Date "2010.05.11"]
[Round "?"]
[White "Brus, Hartmut"]
[Black "Saunders, Barrie"]
[Result "1-0"]
[WhiteElo "1280"]
[BlackElo "1248"]
[PlyCount "115"]
[EventDate "2010.05.05"]
[EventType "match (corr)"]
[EventRounds "2"]
[EventCountry "GER"]
[SourceTitle "Telechess CBM 141"]
[Source "ChessBase"]
[SourceDate "2011.03.17"]
[SourceVersion "1"]
[SourceVersionDate "2011.03.17"]
[SourceQuality "1"]

1. d4 d6 2. e4 g6 3. Nc3 c6 4. Nf3 Bg7 5. Be2 Nf6 6. 0-0 0-0 7. Bf4 Bg4 8. h3 Bxf3 9. Bxf3 Nbd7 10. Bg5 c5 11. d5 a6 12. Qd2 b5 13. Qf4 Ne5 14. Be2 Qc7 15. a3 b4 16. Nb1 a5 17. Nd2 Rfb8 18. Qe3 a4 19. Rfc1 e6 20. f4 Ned7 21. dxe6 fxe6 22. Kh1 bxa3 23. Qxa3 Nxe4 24. Nxe4 Bxb2 25. Qe3 d5 26. Nf2 Rb6 27. Nd1 Bxc1 28. Qxc1 Kg7 29. Nc3 Rb4 30. Nb5 Qc6 31. c4 h6 32. Bh4 Nb6 33. Qc3+ Kh7 34. Qf6 Rg8 35. Bg4 Nd7 36. Qxe6 Qxe6 37. Bxe6 Nb6 38. Bxg8+ Kxg8 39. Re1 Rxc4 40. Re6 g5 41. Bf2 Rc1+ 42. Kh2 Nc4 43. Bxc5 gxf4 44. Bd4 a3 45. Rg6+ Kf7 46. Rf6+ Ke8 47. Nxa3 Nxa3 48. Bb2 Rf1 49. Bxa3 d4 50. Rxh6 f3 51. gxf3 Rxf3 52. Bc5 Rd3 53. h4 Rd2+ 54. Kg3 d3 55. Rd6 Kf7 56. h5 Rd1 57. Kg4 d2 58. Be3 1-0

[Event "LSS SF-2010-0-00055"]
[Site "LSS email"]
[Date "2010.05.10"]
[Round "?"]
[White "Brus, Hartmut"]
[Black "Kaupat, Heike"]
[Result "1-0"]
[WhiteElo "1159"]
[BlackElo "677"]
[PlyCount "41"]
[EventDate "2010.04.05"]
[EventType "tourn (corr)"]
[EventRounds "6"]
[EventCountry "GER"]
[SourceTitle "Telechess CBM 141"]
[Source "ChessBase"]
[SourceDate "2011.03.17"]
[SourceVersion "1"]
[SourceVersionDate "2011.03.17"]
[SourceQuality "1"]

1. e4 e5 2. Nf3 Nf6 3. Nxe5 d6 4. Nf3 Nxe4 5. Nc3 Nxc3 6. dxc3 Be7 7. Bc4 0-0 8. 0-0 Bg4 9. Bf4 Nc6 10. Re1 Re8 11. h3 Bh5 12. Qd5 Bg6 13. h4 Bxh4 14. Rxe8+ Qxe8 15. Nxh4 Rd8 16. Nxg6 hxg6 17. a4 b6 18. Bb5 Ne7 19. Qb7 Nf5 20. Bxe8 Rxe8 21. Qxa7 1-0

[Event "LSS BI-2010-P-00018"]
[Site "LSS email"]
[Date "2010.04.19"]
[Round "?"]
[White "Brus, Hartmut"]
[Black "Soreghy, Janos"]
[Result "1/2-1/2"]
[WhiteElo "1250"]
[BlackElo "1911"]
[PlyCount "114"]
[EventDate "2010.04.22"]
[EventType "tourn (corr)"]
[EventRounds "10"]
[EventCountry "GER"]
[SourceTitle "Telechess CBM 141"]
[Source "ChessBase"]
[SourceDate "2011.03.17"]
[SourceVersion "1"]
[SourceVersionDate "2011.03.17"]
[SourceQuality "1"]

1. e4 c5 2. d4 cxd4 3. Nf3 d6 4. Nxd4 Nf6 5. Nc3 a6 6. Be2 e5 7. Nb3 Be7 8. 0-0 0-0 9. Be3 Be6 10. Qd2 Nbd7 11. f4 exf4 12. Rxf4 Ne5 13. Nd4 Rc8 14. Nf5 Bxf5 15. Rxf5 Qd7 16. Raf1 Qe6 17. Bd4 h6 18. Qe3 Nfd7 19. Qg3 Bd8 20. Bd3 Bf6 21. Kh1 g6 22. R5f2 Ng4 23. Bxf6 Ngxf6 24. Qh4 Kg7 25. Rf3 Qg4 26. Qf2 Qe6 27. Qa7 Qe5 28. Qxb7 Nc5 29. Qb4 a5 30. Qa3 Nfxe4 31. Nxe4 Nxe4 32. Bxe4 Qxe4 33. c3 Rc5 34. b4 axb4 35. Qa7 Rf5 36. Rxf5 gxf5 37. cxb4 Rc8 38. a3 d5 39. Qf2 Rc2 40. Qg3+ Kh7 41. h4 d4 42. Rf3 Re2 43. Kh2 Re3 44. Kg1 Qb1+ 45. Kh2 Qb3 46. Rxe3 dxe3 47. Qe5 Qd3 48. Kg3 Qe4 49. Qxe4 fxe4 50. b5 f5 51. b6 f4+ 52. Kxf4 e2 53. b7 e1Q 54. b8Q Qxh4+ 55. Ke3 Qe1+ 56. Kd4 Qd2+ 57. Kxe4 Qxg2+ 1/2-1/2

[Event "LSS BI-2010-P-00018"]
[Site "LSS email"]
[Date "2010.04.19"]
[Round "?"]
[White "Percze, Rajmond"]
[Black "Brus, Hartmut"]
[Result "1/2-1/2"]
[WhiteElo "2293"]
[BlackElo "1382"]
[PlyCount "131"]
[EventDate "2010.04.22"]
[EventType "tourn (corr)"]
[EventRounds "10"]
[EventCountry "GER"]
[SourceTitle "Telechess CBM 141"]
[Source "ChessBase"]
[SourceDate "2011.03.17"]
[SourceVersion "1"]
[SourceVersionDate "2011.03.17"]
[SourceQuality "1"]

1. d4 Nf6 2. c4 e6 3. Nc3 Bb4 4. f3 d5 5. a3 Bxc3+ 6. bxc3 c5 7. cxd5 exd5 8. e3 Qc7 9. Bd3 cxd4 10. cxd4 Qc3+ 11. Qd2 Qxa1 12. Ne2 b6 13. Nc3 b5 14. 0-0 b4 15. axb4 Ba6 16. b5 Qa5 17. bxa6 Nc6 18. Nb5 0-0 19. Qxa5 Nxa5 20. e4 Nb3 21. Be3 Rfd8 22. e5 Ne8 23. Rb1 Na5 24. Bd2 Nc4 25. Bb4 Rdc8 26. Bf5 Rc6 27. Bd7 Rxa6 28. Bxe8 Rxe8 29. Nc7 Ree6 30. Bc5 h5 31. Nxa6 Rxa6 32. Rb8+ Kh7 33. Rb7 Kg6 34. Rxa7 Rxa7 35. Bxa7 Kf5 36. Kf2 g5 37. Bc5 h4 38. Be7 Na5 39. Bd8 Nc4 40. Ke2 Kf4 41. Be7 Kf5 42. Bb4 f6 43. exf6 Kxf6 44. g3 hxg3 45. hxg3 Kf5 46. g4+ Kf6 47. Kd3 Kg6 48. Bd2 Na3 49. Be3 Nc4 50. Bc1 Na5 51. Kc3 Nc6 52. Be3 Kf6 53. Bf2 Ke7 54. Kb3 Nd8 55. Kb4 Ne6 56. Kb5 Kd7 57. Kb6 Nf4 58. Be3 Ne6 59. Bg1 Nf4 60. Bf2 Nd3 61. Be3 Ne1 62. Bxg5 Nxf3 63. Be3 Ke6 64. Kc6 Nh2 65. g5 Nf3 66. Kc7 1/2-1/2

[Event "LSS BI-2010-P-00018"]
[Site "LSS email"]
[Date "2010.04.19"]
[Round "?"]
[White "Sadowski, Marek"]
[Black "Brus, Hartmut"]
[Result "1-0"]
[WhiteElo "2170"]
[BlackElo "1381"]
[PlyCount "169"]
[EventDate "2010.04.22"]
[EventType "tourn (corr)"]
[EventRounds "10"]
[EventCountry "GER"]
[SourceTitle "Telechess CBM 141"]
[Source "ChessBase"]
[SourceDate "2011.03.17"]
[SourceVersion "1"]
[SourceVersionDate "2011.03.17"]
[SourceQuality "1"]

1. e4 e5 2. Nf3 Nc6 3. Bb5 a6 4. Ba4 Nf6 5. 0-0 Be7 6. Re1 b5 7. Bb3 d6 8. c3 0-0 9. h3 Na5 10. Bc2 c5 11. d4 Qc7 12. Nbd2 cxd4 13. cxd4 Bd7 14. Nf1 Rac8 15. Ne3 Nc6 16. d5 Nb4 17. Bb1 a5 18. a3 Na6 19. b4 Nh5 20. Bd2 Nf4 21. h4 g6 22. g3 Nh5 23. Bd3 Qb7 24. Qe2 Ng7 25. bxa5 Nc5 26. Rab1 Nxd3 27. Qxd3 f5 28. a4 fxe4 29. Qxe4 Ne6 30. a6 Qa8 31. Bb4 Nf4 32. axb5 Bxb5 33. Bxd6 Bxd6 34. Rxb5 Qxa6 35. Qb1 Nxd5 36. Rxd5 Rxf3 37. Qd1 Rf6 38. Ng4 Re6 39. Nxe5 Bxe5 40. Rdxe5 Rxe5 41. Rxe5 Qb7 42. h5 Qc6 43. Re1 Qf6 44. hxg6 Qxg6 45. Re7 Rf8 46. Qd5+ Kh8 47. Qd4+ Kg8 48. Qd5+ Kh8 49. Qd7 Kg8 50. Qd2 Qf5 51. Qa2+ Kh8 52. Rb7 Qf6 53. Rc7 Rd8 54. Qb1 Qg6 55. Qb2+ Kg8 56. Qb3+ Kh8 57. Qc3+ Kg8 58. Qc4+ Kh8 59. Qc3+ Kg8 60. Qc4+ Kh8 61. Re7 Rf8 62. Rb7 Qh6 63. Qc2 Qg6 64. Qc7 Re8 65. Kg2 Qe4+ 66. Kh2 Qg6 67. g4 Kg8 68. Kg3 Kh8 69. Qc3+ Kg8 70. f4 Rd8 71. Qc4+ Kh8 72. Qc7 Rd3+ 73. Kf2 Rd2+ 74. Ke1 Rd1+ 75. Kxd1 Qd3+ 76. Kc1 Qe3+ 77. Kb2 Qd2+ 78. Qc2 Qxc2+ 79. Kxc2 h6 80. Kd3 Kg8 81. Ke4 Kf8 82. f5 h5 83. g5 Ke8 84. g6 Kf8 85. f6 1-0

[Event "LSS ZN-2010-0-00994"]
[Site "LSS email"]
[Date "2010.04.15"]
[Round "?"]
[White "Brus, Hartmut"]
[Black "Jaszczowski, Zdzislaw"]
[Result "1-0"]
[WhiteElo "1010"]
[BlackElo "979"]
[PlyCount "39"]
[EventDate "2010.04.11"]
[EventType "match (corr)"]
[EventRounds "2"]
[EventCountry "GER"]
[SourceTitle "Corr 2013"]
[Source "ChessBase"]
[SourceDate "2012.11.12"]
[SourceVersion "1"]
[SourceVersionDate "2012.11.12"]
[SourceQuality "1"]

1. d4 d5 2. Nf3 Bg4 3. Ne5 Bf5 4. g4 Be6 5. h3 f6 6. Nf3 Nd7 7. Bg2 Bf7 8. Nc3 e6 9. a3 c6 10. e4 dxe4 11. Nxe4 Nb6 12. 0-0 Ne7 13. Nc5 Qc7 14. Qe2 Ng6 15. Nxe6 Bxe6 16. Qxe6+ Qe7 17. Qf5 Kf7 18. h4 Qe6 19. Ng5+ Ke7 20. Qxe6+ 1-0